| 000 | 00729nam a2200265Ia 4500 | ||
|---|---|---|---|
| 003 | OSt | ||
| 005 | 20220918163251.0 | ||
| 006 | a|||||r|||| 00| 0 | ||
| 007 | ta | ||
| 008 | 220917b |||||||| |||| 00| 0 eng d | ||
| 020 | _a0 485 14702 5 (hbk) | ||
| 024 | _a241,268 | ||
| 037 | _cTextual | ||
| 040 |
_aARTS _cARTS _beng |
||
| 041 |
_2eng _aeng |
||
| 082 | _aO122,1M08,1, L3 | ||
| 100 |
_aNerval Gerard De _912380 |
||
| 245 | 0 | _aLes Chimeres | |
| 260 |
_aLondon _bThe Athlone Press UK _c1973 |
||
| 300 |
_a144p. _ccm. |
||
| 650 | _aENGLISH LITERATURE | ||
| 700 |
_a Rinsler Norma Ed. _912381 |
||
| 942 |
_hO122,1M08,1, L3 _cTEXL _2CC |
||
| 999 |
_c118806 _d118806 |
||